Introduction to finite elements in engineering / (Record no. 788)
[ view plain ]
| 000 -LEADER | |
|---|---|
| fixed length control field | 00936nac a22002291u 4500 |
| 010 ## - LIBRARY OF CONGRESS CONTROL NUMBER | |
| LC control number | 2001036592 |
| 020 ## - INTERNATIONAL STANDARD BOOK NUMBER | |
| International Standard Book Number | 0130615919 (alk. paper) |
| 020 ## - INTERNATIONAL STANDARD BOOK NUMBER | |
| International Standard Book Number | 8120321065 |
| 082 00 - DEWEY DECIMAL CLASSIFICATION NUMBER | |
| Classification number | 620/.001 |
| Item number | C45622 |
| 090 ## - LOCALLY ASSIGNED LC-TYPE CALL NUMBER (OCLC); LOCAL CALL NUMBER (OCLC) | |
| -- | 788 |
| -- | 788 |
| 100 ## - MAIN ENTRY--PERSONAL NAME | |
| Personal name | Chandrupatla, Tirupath |
| 245 10 - TITLE STATEMENT | |
| Title | Introduction to finite elements in engineering / |
| Statement of responsibility, etc | Tirupathi R. Chandrupatla, Ashok D. Belegundu. |
| 250 ## - EDITION STATEMENT | |
| Edition statement | 3rd ed. |
| 260 ## - PUBLICATION, DISTRIBUTION, ETC. (IMPRINT) | |
| Place of publication, distribution, etc | New Delhi : |
| Name of publisher, distributor, etc | Prentice-Hall of India, |
| Date of publication, distribution, etc | c2004. |
| 300 ## - PHYSICAL DESCRIPTION | |
| Extent | xviii, 453 p. : |
| Other physical details | ill. ; |
| Dimensions | 24 cm. + |
| Accompanying material | 1 CD-ROM (4 3/4 in.) |
| 504 ## - BIBLIOGRAPHY, ETC. NOTE | |
| Bibliography, etc | Includes bibliographical references (p. 443-446) and index. |
| 650 #0 - SUBJECT ADDED ENTRY--TOPICAL TERM | |
| Topical term or geographic name as entry element | Finite element method. |
| 650 #0 - SUBJECT ADDED ENTRY--TOPICAL TERM | |
| Topical term or geographic name as entry element | Engineering mathematics. |
| 700 1# - ADDED ENTRY--PERSONAL NAME | |
| Personal name | Belegundu, Ashok D., |
| Dates associated with a name | 1956- |
| 942 ## - ADDED ENTRY ELEMENTS (KOHA) | |
| Item type | Book - Borrowing |
| Call number prefix | 620/.001C45622 |
| Withdrawn status | Item status | Source of classification or shelving scheme | Damaged status | Not for loan | Vendor | Home library | Current library | Shelving location | Date acquired | Source of acquisition | Cost, normal purchase price | Total Checkouts | Total Renewals | Full call number | Barcode | Date last seen | Date last borrowed | Cost, replacement price | Koha item type |
|---|---|---|---|---|---|---|---|---|---|---|---|---|---|---|---|---|---|---|---|
| Dewey Decimal Classification | Central Library | Central Library | First floor | 27/07/2006 | 100.00 | 3 | 1 | 620.001 CHA | 000003794 | 15/07/2025 | 24/03/2014 | 125.00 | Book - Borrowing | ||||||
| Dewey Decimal Classification | unknown | Central Library | Central Library | First floor | 19/09/2018 | Purchase | 620.001 CHA | 000043551 | 24/08/2022 | CD | DVD - With book |